Regulating the use of personal data in the police sector: recommendation no. R (87) 15 adopted by the Committee of Ministers of the Council of Europe on 17 September 1987 and explanatory memorandum
| Corporate Author: | |
|---|---|
| Format: | Print Book |
| Language: | English |
| Published: |
Strasbourg
1988
|
| In: |
Recommendation adopted by the Committee of Ministers of the Council of Europe (R 87,15)
Year: 1988 |
| Availability in Tübingen: | Present in Tübingen. UB: KB 8 E 1646 |
| Check availability: | HBZ Gateway |
| Subito Delivery Service: | Order now. |
| Keywords: | |
| Parallel Edition: | Franz. Ausg. u.d.T.: Réglementation de l'utilisation de données à caractère personnel dans le secteur de la police: |
MARC
| LEADER | 00000cam a2200000 c 4500 | ||
|---|---|---|---|
| 001 | 1086959868 | ||
| 003 | DE-627 | ||
| 005 | 20220430114023.0 | ||
| 007 | tu | ||
| 008 | 890110s1988 xx ||||| 00| ||eng c | ||
| 020 | |a 9287115877 |9 92-871-1587-7 | ||
| 035 | |a (DE-627)1086959868 | ||
| 035 | |a (DE-576)016959868 | ||
| 035 | |a (DE-599)BSZ016959868 | ||
| 035 | |a (OCoLC)311177201 | ||
| 035 | |a (DE-604)8011548487 | ||
| 040 | |a DE-627 |b ger |c DE-627 |e rakwb | ||
| 041 | |a eng | ||
| 084 | |a PS 4020 |2 rvk |0 (DE-625)rvk/139828: | ||
| 245 | 0 | 0 | |a Regulating the use of personal data in the police sector |b recommendation no. R (87) 15 adopted by the Committee of Ministers of the Council of Europe on 17 September 1987 and explanatory memorandum |c Council of Europe, [Legal Affairs] |
| 264 | 1 | |a Strasbourg |c 1988 | |
| 300 | |a 31 S. | ||
| 336 | |a Text |b txt |2 rdacontent | ||
| 337 | |a ohne Hilfsmittel zu benutzen |b n |2 rdamedia | ||
| 338 | |a Band |b nc |2 rdacarrier | ||
| 490 | 1 | |a Recommendation |v R 87,15 | |
| 689 | 0 | 0 | |d s |0 (DE-588)4123928-3 |0 (DE-627)105751545 |0 (DE-576)209563826 |a Personaldaten |2 gnd |
| 689 | 0 | 1 | |d s |0 (DE-588)4011134-9 |0 (DE-627)106354213 |0 (DE-576)208891986 |a Datenschutz |2 gnd |
| 689 | 0 | |5 (DE-627) | |
| 689 | 1 | 0 | |d s |0 (DE-588)4046595-0 |0 (DE-627)106197525 |0 (DE-576)209070196 |a Polizei |2 gnd |
| 689 | 1 | 1 | |d s |0 (DE-588)4011134-9 |0 (DE-627)106354213 |0 (DE-576)208891986 |a Datenschutz |2 gnd |
| 689 | 1 | |5 (DE-627) | |
| 710 | 2 | |a Europarat |b Abteilung für Juristische Angelegenheiten |0 (DE-588)1002875-4 |0 (DE-627)103002847 |0 (DE-576)191148466 |4 oth | |
| 776 | 0 | 8 | |i Franz. Ausg. u.d.T. |a Réglementation de l'utilisation de données à caractère personnel dans le secteur de la police |
| 810 | 2 | |a Europarat |b Ministerrat |t Recommendation adopted by the Committee of Ministers of the Council of Europe |v R 87,15 |9 87,15 |w (DE-627)480408777 |w (DE-576)9480408775 |w (DE-600)2179346-3 |7 am | |
| 936 | r | v | |a PS 4020 |b Quellen |k Rechtswissenschaft |k Europarecht; Recht der Europäischen Gemeinschaften bzw. der Europäischen Union und der sonstigen europäischen Organisationen; Europäische Rechtsvereinheitlichung |k Europarat |k Quellen |0 (DE-627)1271436396 |0 (DE-625)rvk/139828: |0 (DE-576)201436396 |
| 951 | |a BO | ||
| ELC | |b 1 | ||
| LOK | |0 000 xxxxxcx a22 zn 4500 | ||
| LOK | |0 001 2125312468 | ||
| LOK | |0 003 DE-627 | ||
| LOK | |0 004 1086959868 | ||
| LOK | |0 005 20151030140316 | ||
| LOK | |0 008 890110||||||||||||||||ger||||||| | ||
| LOK | |0 040 |a DE-21 |c DE-627 |d DE-21 | ||
| LOK | |0 852 |a DE-21 | ||
| LOK | |0 852 1 |c KB 8 E 1646 |9 00 | ||
| LOK | |0 935 |a krim | ||
| LOK | |0 939 |a 10-01-89 |b l01 | ||
| ORI | |a SA-MARC-krimdoka001.raw | ||
| SIG | |a UB: KB 8 E 1646 | ||
